Tratado y notas de derecho internacional público / (Record no. 185924)

MARC details
000 -LEADER
campo de control de longitud fija 00727nam a2200193 i 4500
001 - NÚMERO DE CONTROL
campo de control 185924
003 - IDENTIFICADOR DE NÚMERO DE CONTROL
campo de control ES-MaACL
005 - FECHA Y HORA DE LA ÚLTIMA TRANSACCIÓN
campo de control 20250809025051.0
008 - DATOS DE LONGITUD FIJA--INFORMACIÓN GENERAL
campo de control de longitud fija 160823m18871890sp |||| | spa d
100 1# - ENTRADA PRINCIPAL--NOMBRE DE PERSONA
Nombre de persona Olivart, Ramón María de Dalmau,
Títulos y otros términos asociados al nombre Marqués de,
Fechas asociadas al nombre 1861-1928
9 (RLIN) 130617
245 10 - MENCIÓN DEL TÍTULO
Título Tratado y notas de derecho internacional público /
Mención de responsabilidad, etc. por el Marqués de Olivart.
260 ## - PUBLICACIÓN, DISTRIBUCIÓN, ETC.
Lugar de publicación, distribución, etc. Madrid :
Nombre del editor, distribuidor, etc. Manuel Murillo,
Fecha de publicación, distribución, etc. 1887-1890.
300 ## - DESCRIPCIÓN FÍSICA
Extensión 3 v. ;
Dimensiones 22 cm.
500 ## - NOTA GENERAL
Nota general El T. III: Indice-Repertorio / por Ramón Estalella, publicado en 1890.
650 07 - PUNTO DE ACCESO ADICIONAL DE MATERIA--TÉRMINO DE MATERIA
Término de materia o nombre geográfico como elemento de entrada Derecho internacional público
Fuente del encabezamiento o término embne
9 (RLIN) 11723
852 ## - LOCALIZACIÓN
Ubicación ES-MaACL
Número de control de estantería C-2456-58
852 ## - LOCALIZACIÓN
Ubicación ES-MaACL
Número de control de estantería B-2328-29
Nota libre .- Vol. I y II
Holdings
Estatus retirado Estado de pérdida Estado de daño No para préstamo Colección Biblioteca de origen Biblioteca actual Ubicación en estantería Fecha de adquisición Fuente de adquisición Total de préstamos Signatura topográfica completa Código de barras Visto por última vez Precio de reemplazo Tipo de ítem Koha
        Libros del s. XIX Biblioteca del Ateneo de Madrid Biblioteca del Ateneo de Madrid Sala Pardo Bazán 24/08/2016     B-2028-29 1196002 23/02/2023 23/02/2023 Libro impreso antiguo
        Libros del s. XIX Biblioteca del Ateneo de Madrid Biblioteca del Ateneo de Madrid Sala Palomar 23/08/2016     C-2456-58 1196000 23/02/2023 23/02/2023 Libro impreso antiguo